| 000 | 00990nam0a2200277 4500 | ||
|---|---|---|---|
| 001 | RU\NLR\ONL2\15246 | ||
| 005 | 20260201141451.0 | ||
| 035 | _a(NLR Aleph) 009662831 | ||
| 090 |
_a13537773 _c13537773 |
||
| 100 | _a20091007d1953 u y0rusy50 ca | ||
| 101 | 0 | _aaze | |
| 102 | _aAZ | ||
| 105 | _ay ||||||||| | ||
| 200 | 1 |
_aВалидеjнләр гызылҹа hаггында нәjи билмәлидирләр _eвалидеjнлэр учун jаддаш _fАзССР Сэh. наз., Респ. Сэh. маарифи еви |
|
| 210 |
_aБакы _cБирлэш. нэшр. _d1953 |
||
| 215 |
_a8 с. _d15 |
||
| 541 | 1 |
_aЧто надо помнить родителям о кори _eпамятка родителям _zrus |
|
| 606 | 0 |
_aКорь _9995663 _3RU\NLR\auth\6658958 |
|
| 686 | 1 | _aР194.25 | |
| 801 | 0 |
_aRU _bNLR _c20091026 _gPSBO |
|
| 852 |
_aNLR _bОНЛ _jАзерб./1-1233 |
||
| 942 | _cBOOK | ||
| 980 | _aONL_RF | ||
| 980 | _aNB | ||